000 00534nam a2200181Ia 4500
005 20250326123702.0
008 250326s9999 xx 000 0 und d
037 _aTextbook
040 _aFMSL
_beng
_cFMSL
041 _aeng
_2eng
084 _aX8(A):89ZB.44 M8
_qFMSL
100 _aNaidu K M
_9310111
245 0 _aIndustrialisation & regional development in India
_cNaidu K M
260 _aNew Delhi
_bNew Delhi, Reliance
_c1988
300 _a147p
942 _cTB
_hX8(A):89ZB.44 M8
999 _c1270491
_d1270491